Los isótopos radiactivos y sus aplicaciones industriales / (Record no. 120245)

MARC details
000 -LEADER
campo de control de longitud fija 00575nam a2200181 4500
001 - NÚMERO DE CONTROL
campo de control 120245
003 - IDENTIFICADOR DE NÚMERO DE CONTROL
campo de control ES-MaACL
005 - FECHA Y HORA DE LA ÚLTIMA TRANSACCIÓN
campo de control 20230906191509.0
007 - CAMPO FIJO DE DESCRIPCIÓN FÍSICA--INFORMACIÓN GENERAL
campo de control de longitud fija t|
008 - DATOS DE LONGITUD FIJA--INFORMACIÓN GENERAL
campo de control de longitud fija 070214s1965 sp r ||||1| spa d
100 1# - ENTRADA PRINCIPAL--NOMBRE DE PERSONA
Nombre de persona Piraux, Henri.
9 (RLIN) 218685
245 14 - MENCIÓN DEL TÍTULO
Título Los isótopos radiactivos y sus aplicaciones industriales /
Mención de responsabilidad, etc. por H. Piraux ; [traducido por Félix Vidondo Morras].
260 ## - PUBLICACIÓN, DISTRIBUCIÓN, ETC.
Lugar de publicación, distribución, etc. Madrid :
Nombre del editor, distribuidor, etc. Paraninfo,
Fecha de publicación, distribución, etc. 1965.
300 ## - DESCRIPCIÓN FÍSICA
Extensión 312 p., 24 lám. ;
Dimensiones 22 cm.
700 1# - ENTRADA AGREGADA--NOMBRE PERSONAL
Nombre de persona Vidondo Morrás, Félix.
9 (RLIN) 114553
852 ## - LOCALIZACIÓN
Ubicación ES-MaACL
Número de control de estantería C-30711
Sublocalización o colección R.60680
Holdings
Estatus retirado Estado de pérdida Estado de daño No para préstamo Biblioteca de origen Biblioteca actual Ubicación en estantería Fecha de adquisición Fuente de adquisición Total de préstamos Signatura topográfica completa Código de barras Visto por última vez Precio de reemplazo Tipo de ítem Koha
        Biblioteca del Ateneo de Madrid Biblioteca del Ateneo de Madrid Depósito 2 17/01/2008     C-30711 1125334 23/02/2023 23/02/2023 Libro impreso